书目信息 |
| 题名: |
中国游记散文大系
|
|
| 作者: | 张成德 主编 ;屈毓秀 撰稿 | |
| 分册: | 福建卷 台湾卷 | |
| 出版信息: | 太原 书海出版社 2004.10 |
|
| 页数: | 235页 | |
| 开本: | 24cm | |
| 丛书名: | ||
| 单 册: | ||
| 中图分类: | I262 | |
| 科图分类: | ||
| 主题词: | 游记 , 游记--中国--古代--选集 | |
| 电子资源: | ||
| ISBN: | 7-80550-310-9 | |
| 000 | 00927nam0 2200277 450 | |
| 001 | 1257131535 | |
| 005 | 20120107155304.25 | |
| 010 | @a7-80550-310-9@dCNY27.00 | |
| 090 | @aI262@bzcd | |
| 096 | @aI26@bzcd | |
| 100 | @a20041129d2004 em y0chiy50 ea | |
| 101 | 0 | @achi |
| 102 | @aCN@b140000 | |
| 105 | @ay z 000cd | |
| 200 | 1 | @a中国游记散文大系@i福建卷 台湾卷@b专著@f张成德等主编@g屈毓秀等[卷]撰稿@9zhong guo you ji san wen da xi |
| 210 | @a太原@c书海出版社@d2004.10 | |
| 215 | @a235页@d24cm | |
| 304 | @a版权页题: 屈毓秀等主编 | |
| 330 | @a本卷选收了福建和台湾地区的游记散文共50余篇。包括《太姥山记》、《道山亭记》、《游水里社记》、《武夷山志序》等。 | |
| 606 | 0 | @a游记 |
| 606 | 0 | @a游记@y中国@z古代@j选集 |
| 690 | @aI262@v4 | |
| 701 | 0 | @a张成德@c(文学)@4主编@9zhang cheng de |
| 702 | 0 | @a屈毓秀@4撰稿@9qu yu xiu |
| 801 | 0 | @aCN@b大连网信软件有限公司图书馆·11@c20120107 |
| 905 | @aZUCC@dI262@eZ0801 | |
| 中国游记散文大系.福建卷 台湾卷/张成德等主编/屈毓秀等[卷]撰稿.-太原:书海出版社,2004.10 |
| 235页;24cm |
| ISBN 7-80550-310-9:CNY27.00 |
| 本卷选收了福建和台湾地区的游记散文共50余篇。包括《太姥山记》、《道山亭记》、《游水里社记》、《武夷山志序》等。 |
| ● |
| 相关链接 |
|
|
|
正题名:中国游记散文大系
索取号:I262/Z0801
 
预约/预借
| 序号 | 登录号 | 条形码 | 馆藏地/架位号 | 状态 | 备注 |
| 1 | 480402 | 204804024 | 社科二线422/422社科库 50排1列4层/ [索取号:I262/Z0801] | 在馆 | |
| 2 | 480403 | 204804033 | 文学库116/116文学库 1排2列2层/ [索取号:I262/Z0801] | 在馆 | |
| 3 | 480404 | 204804042 | 社科二线422/422社科库 52排2列5层/ [索取号:I262/Z0801] | 在馆 | |
| 4 | 480410 | 204804104 | 文学库116/116文学库 1排2列2层/ [索取号:I262/Z0801] | 在馆 |